000 00658cab a2200229 4500
001 WB3210-16
008 090401t1996 xxu||||| |||| 00| 0 eng d
035 _a(Sirsi) u45088
041 _aeng
245 _aSun Alliance to sell agencies
260 _c1996
350 _a0
490 _aFinancial Times
_v8 March 1996, 22(1)
520 _aIn a strategy to concentrate on `core` areas Sun Alliance plans to dispose of its estate agency business, acquired in 1989 from Chancellors.
650 _aCHANCELLORS
650 _aDISPOSALS
650 _aESTATE AGENTS
650 _aSUN ALLIANCE
690 _aHOUSING
942 _n0
948 _c04/03/1997
999 _c28664
_d28664